000 00557cam a22002057a 4500
001 000423
003 armpunfd
005 20140612090610.0
008 011019e1993####xx#a##########000#0#und#d
040 _aarmpunfd
_carmpunfd
080 _a35 A 37
100 1 0 _a Aberastury, Pedro
245 1 0 _aLegislacion administrativa usual con jurisprudencia
260 _a Buenos Aires
_b Abeledo- Perrot
_c1993
300 _a750 p.
650 7 _a Argentina
_2LEMB
650 7 _a Derecho Administrativo
_2LEMB
942 _cLB
_2cdu
945 _aCatalis
_d2010-08-19
999 _c421
_d230925